000 00327 a2200145 4500
001 156089
040 _cEscola São Tomás de Aquino
100 _aMANUEL FILHO
240 1 0 _aCemitérios de navios
_lpor
245 1 0 _aCemitérios de navios
362 0 _a2017
440 1 _aRHJ
697 _a*LITERATURA JUVENIL
942 _cBK
999 _c156089
_d156089